The Pacific / (Registro nro. 11342)

Detalles MARC
000 -LIDER
fixed length control field 01052nam a22003137a 4500
001 - NÚMERO DE CONTROL
Identificador de número de control 000478
003 - IDENTIFICACDOR DE NÚMERO DE CONTROL
control field DO-SdBNP
005 - DATE AND TIME OF LATEST TRANSACTION
control field 20171208112224.0
007 - CAMPOS FIJOS DE DESCRIPCIÓN FÍSICA
fixed length control field 000478
008 - ELEMENTOS DE LONGITUD FIJA
fixed length control field 160906b 2011 sp ||||| |||| 00| 0 spa d
020 ## - ISBN
International Standard Book Number 9788483652107
040 ## - FUENTE DE CATALOGACIÓN
Agencia que crea de manera original el registro BPMSU
Idioma de catalogación spa
Agencia que realiza la transcripción BPMSU
041 17 - CÓDIGOS DE OBRAS TRADUCIDAS O EN VARIOS IDIOMAS
Código del idioma del texto/archivo de sonido o separata spa
Cód. del idioma original y/o traducciones intermedias del texto eng
082 ## - NÚMERO DE CLASIFICACIÓN DECIMAL DE DEWEY
Classification number 940.53
Item number A496p
100 1# - ASIENTO PRINCIPAL -- NOMBRE PERSONAL
Nombre personal Ambrose, Hugh
240 10 - TITULO UNIFORME
Título uniforme The Pacific.
Idioma de una obra Español
245 10 - MENCIÓN DE TITULO
Título The Pacific /
Mención de responsabilidad Hugh Ambrose ; traducción, Martin Simonson.
260 ## - PUBLICACIÓN, DISTRIBUCIÓN, ETC. (PIE DE IMPRENTA)
Lugar de publicación, distribución, etc Madrid :
Nombre del editor, distribuidor, etc. Suma de Letras,
Fecha de publicación, distribución, etc 2011.
300 ## - DESCRIPCIÓN FÍSICA
Extensión 740 p. :
Otros detalles físicos il., mapas ;
Dimensiones 24 cm.
500 ## - NOTA GENERAL
Nota general Título original: The Pacific
504 ## - NOTA DE BIBLIOGRAFÍA, ETC.
Bibliography, etc Incluye referencias bibliográficas y notas al pie de las páginas
650 #4 - ENCABEZAMIENTO DE MATERIA--TEMÁTICO
Término temático o nombre geográfico como elemento de entrada GUERRA MUNDIAL II,
Subdivisión cronológica 1939-1944
Subdivisión temática general CAMPAÑAS
Subdivisión geográfica ÁREA DEL PACÍFICO
650 #4 - ENCABEZAMIENTO DE MATERIA--TEMÁTICO
Término temático o nombre geográfico como elemento de entrada MARINA DE GUERRA
Subdivisión geográfica ESTADOS UNIDOS
Subdivisión temática general BIOGRAFÍA
700 12 - ASIENTO SECUNDARIO -- NOMBRE PERSONAL
Nombre personal Simonson, Martin
Mención de responsabilidad tr.
910 ## - VALIDACIÓN
Validación Validado. Control de calidad MFF
942 ## - ADDED ENTRY ELEMENTS (KOHA)
Source of classification or shelving scheme Dewey Decimal Classification
Koha item type Libros
945 ## - INFORMACIÓN DE PROCESAMIENTO LOCAL
Información de procesamiento local Inventariado extranjero / 2017 YL
956 ## - LOCAL ELECTRONIC LOCATION AND ACCESS (OCLC)
Método de acceso LOPEREZ
Materiales especificados 10
Enlace 20160906
Campo enlazado y núm. de secuencia BPMSU
Nombre de host 00041
Existencias
Withdrawn status Lost status Source of classification or shelving scheme Damaged status Not for loan Collection code Home library Current library Date acquired Source of acquisition Total Checkouts Full call number Barcode Date last seen Price effective from Koha item type Copy number
    Dewey Decimal Classification     Colección General Biblioteca Pública Metropolitana Salomé Ureña Biblioteca Pública Metropolitana Salomé Ureña 09/06/2016 Alfaguara   940.53 A496p BPMSU16090216 09/06/2016 09/06/2016 Libros  
    Dewey Decimal Classification     Colección General Biblioteca Pública Metropolitana Salomé Ureña Biblioteca Pública Metropolitana Salomé Ureña 09/06/2016 Alfaguara   940.53 A496p BPMSU16090217 09/06/2016 09/06/2016 Libros ej. 2
    Dewey Decimal Classification     Colección General Biblioteca Pública Metropolitana Salomé Ureña Biblioteca Pública Metropolitana Salomé Ureña 09/06/2016 Alfaguara   940.53 A496p BPMSU16090218 09/06/2016 09/06/2016 Libros ej. 3